[Event "Chigorin Memorial 2008"]
[Site "St. Petersburg RUS"]
[Date "2008.10.10"]
[Round "8.10"]
[White "Kurilov, Viktor"]
[Black "Ionov, Sergey"]
[Result "1/2-1/2"]
[WhiteElo "2312"]
[BlackElo "2543"]
[PlyCount "140"]
[EventDate "2008.10.03"]
[EventType "swiss"]
[EventRounds "9"]
[EventCountry "RUS"]
[Source "lmi"]
[SourceDate "2008.10.03"]

1. d4 Nf6 2. Nf3 c5 3. c3 e6 4. g3 b6 5. Bg2 Bb7 6. O-O Be7 7. Qb3 O-O 8. Bg5
Nc6 9. Nbd2 Na5 10. Qc2 h6 11. Bxf6 Bxf6 12. Ne5 Bxg2 13. Kxg2 Qc7 14. Qe4 d5
15. Qe3 cxd4 16. cxd4 Bxe5 17. dxe5 Qc2 18. b4 d4 19. Qxd4 Rad8 20. Qf4 Rxd2
21. bxa5 Rxe2 22. axb6 axb6 23. Rfc1 Qd3 24. Rd1 Qc3 25. Rab1 Rxa2 26. Rxb6 Ra5
27. Qd4 Qxd4 28. Rxd4 Rxe5 29. Rdb4 g5 30. h4 Kg7 31. hxg5 hxg5 32. Rb8 Rxb8
33. Rxb8 g4 34. Rb4 f5 35. Rb2 Kf6 36. Ra2 Rd5 37. Re2 Rd3 38. Ra2 Ke5 39. Re2+
Kd5 40. Ra2 e5 41. Rb2 Rd1 42. Ra2 Rd4 43. Rb2 Rc4 44. Ra2 Rc3 45. Rd2+ Ke4 46.
Re2+ Kd4 47. Rd2+ Rd3 48. Ra2 Ke4 49. Re2+ Kd5 50. Ra2 Rc3 51. Rd2+ Ke6 52. Ra2
Rd3 53. Rb2 f4 54. gxf4 exf4 55. Re2+ Kf5 56. Re8 Rd6 57. Rf8+ Kg5 58. Rg8+ Rg6
59. Rf8 Rh6 60. Rg8+ Rg6 61. Rf8 Rg7 62. Rh8 Rf7 63. Rg8+ Kf5 64. Re8 Rf6 65.
Rg8 Rg6 66. Re8 Re6 67. Rf8+ Ke5 68. Rg8 Kf5 69. Rf8+ Rf6 70. Re8 Rh6 1/2-1/2

[Event "Chigorin Memorial 2008"]
[Site "St. Petersburg RUS"]
[Date "2008.10.10"]
[Round "8.12"]
[White "Lintchevski, Daniil"]
[Black "Kirusha, Andrey"]
[Result "1-0"]
[WhiteElo "2502"]
[BlackElo "2373"]
[PlyCount "93"]
[EventDate "2008.10.03"]
[EventType "swiss"]
[EventRounds "9"]
[EventCountry "RUS"]
[Source "lmi"]
[SourceDate "2008.10.03"]

1. e4 e6 2. d4 d5 3. Nc3 Nf6 4. Bg5 Bb4 5. e5 h6 6. Bd2 Bxc3 7. bxc3 Ne4 8. Qg4
g6 9. Bd3 Nxd2 10. Kxd2 c5 11. Nf3 Bd7 12. Qf4 Bc6 13. h4 Nd7 14. Nh2 Qa5 15.
Ng4 O-O-O 16. Rhe1 g5 17. hxg5 hxg5 18. Qe3 cxd4 19. Qxd4 Nc5 20. Qb4 Qxb4 21.
cxb4 Ne4+ 22. Bxe4 dxe4+ 23. Kc3 Rh4 24. Ne3 Rf4 25. a4 Rxf2 26. b5 Bd5 27. Rf1
Re2 28. Rae1 Rxe1 29. Rxe1 b6 30. Rf1 Rd7 31. Rh1 Kd8 32. Rh5 Ke7 33. Rxg5 Rd8
34. Rh5 Rg8 35. g4 Bb7 36. Rh7 Bd5 37. Rh1 Bb7 38. Ra1 Rc8+ 39. Kb4 Rc5 40. a5
Kd8 41. axb6 axb6 42. Rd1+ Kc8 43. Nc4 Kc7 44. Rf1 Bd5 45. Rxf7+ Kb8 46. Nxb6
Rxc2 47. Nxd5 1-0

[Event "Chigorin Memorial 2008"]
[Site "St. Petersburg RUS"]
[Date "2008.10.10"]
[Round "8.14"]
[White "Matlakov, Maxim"]
[Black "Khuseinkhodzhaev, Muhammad"]
[Result "1/2-1/2"]
[WhiteElo "2490"]
[BlackElo "2375"]
[PlyCount "97"]
[EventDate "2008.10.03"]
[EventType "swiss"]
[EventRounds "9"]
[EventCountry "RUS"]
[Source "lmi"]
[SourceDate "2008.10.03"]

1. d4 Nf6 2. c4 e6 3. Nf3 d5 4. Nc3 Nbd7 5. cxd5 exd5 6. Bg5 c6 7. Qc2 Be7 8.
e3 h6 9. Bf4 Nh5 10. Be5 Nxe5 11. dxe5 g6 12. O-O-O Qa5 13. Nd4 Ng7 14. Bd3 Bd7
15. Bxg6 fxg6 16. Qxg6+ Kf8 17. f4 Be8 18. Qc2 b5 19. f5 Bg5 20. f6 Bxe3+ 21.
Kb1 Bxd4 22. fxg7+ Kxg7 23. Rxd4 h5 24. Rd3 Rh6 25. Rf1 Qb4 26. Rf6 Rg6 27.
Rdf3 Qd4 28. Qf2 Qxf2 29. Rxf2 Rg5 30. Re6 Bg6+ 31. Kc1 Re8 32. Rxc6 Rgxe5 33.
Nxb5 Re1+ 34. Kd2 Rb1 35. Rc7+ Kh6 36. Kc3 Rc1+ 37. Kb4 Re4+ 38. Ka3 Rxc7 39.
Nxc7 d4 40. Rd2 Re3+ 41. Kb4 d3 42. Nd5 Re8 43. Kc3 Kg5 44. Nb4 Rc8+ 45. Kd4
Rd8+ 46. Kc3 Rc8+ 47. Kd4 Rd8+ 48. Kc3 Rc8+ 49. Kd4 1/2-1/2

[Event "Chigorin Memorial 2008"]
[Site "St. Petersburg RUS"]
[Date "2008.10.10"]
[Round "8.16"]
[White "Shimanov, Aleksandr"]
[Black "Shchukin, Dmitry"]
[Result "1-0"]
[WhiteElo "2476"]
[BlackElo "2357"]
[PlyCount "105"]
[EventDate "2008.10.03"]
[EventType "swiss"]
[EventRounds "9"]
[EventCountry "RUS"]
[Source "lmi"]
[SourceDate "2008.10.03"]

1. c4 e5 2. Nc3 Nf6 3. Nf3 d6 4. d4 Nbd7 5. Bg5 Be7 6. Qc2 c6 7. e3 h6 8. Bh4
Nh5 9. Bg3 Nxg3 10. hxg3 Qa5 11. a3 Nf6 12. Be2 Bg4 13. Rd1 Rd8 14. Nh4 Bxe2
15. Kxe2 Qa6 16. Qd3 e4 17. Nxe4 Nxe4 18. Qxe4 Qxc4+ 19. Kd2 Qe6 20. Qd3 g6 21.
e4 a6 22. f4 Bxh4 23. Rxh4 Kd7 24. Kc2 d5 25. e5 f5 26. exf6 Qxf6 27. Re1 g5
28. Rh5 Rde8 29. Re5 gxf4 30. Rhf5 Qg7 31. gxf4 Qxg2+ 32. Kb3 Qg7 33. Qh3 Kc7
34. Qe3 Rxe5 35. dxe5 d4 36. Qxd4 Rd8 37. Qc4 Rd5 38. Ka2 b5 39. Qb4 Qg8 40.
Rf8 Qe6 41. Rf6 Qg8 42. Qa5+ Kb7 43. e6 Rf5 44. Qc3 a5 45. Rxh6 Rxf4 46. Qe5
Rg4 47. Rh8 Re4 48. Qxe4 Qxh8 49. Qg6 b4 50. Qf7+ Kb6 51. e7 bxa3 52. Kxa3 Qd4
53. Qb3+ 1-0

[Event "Chigorin Memorial 2008"]
[Site "St. Petersburg RUS"]
[Date "2008.10.10"]
[Round "8.18"]
[White "Gubajdullin, Alexei"]
[Black "Trushelyov, Victor"]
[Result "0-1"]
[WhiteElo "2462"]
[BlackElo "2340"]
[PlyCount "119"]
[EventDate "2008.10.03"]
[EventType "swiss"]
[EventRounds "9"]
[EventCountry "RUS"]
[Source "lmi"]
[SourceDate "2008.10.03"]

1. Nf3 Nf6 2. c4 e6 3. g3 b6 4. Bg2 Bb7 5. b3 d5 6. Bb2 Be7 7. O-O O-O 8. e3
Nbd7 9. Nc3 dxc4 10. bxc4 Ne4 11. Qc2 Nxc3 12. Bxc3 Nc5 13. d4 Be4 14. Qd1 Nb7
15. Ne5 Bxg2 16. Kxg2 Bf6 17. Nc6 Qd7 18. Qf3 Rfc8 19. Rac1 Nd8 20. d5 Bxc3 21.
Rxc3 Nxc6 22. dxc6 Qe7 23. Rd1 Rd8 24. Rd7 Rxd7 25. cxd7 Rd8 26. Rd3 Qc5 27.
Qe4 a5 28. Kg1 h6 29. Qh4 f6 30. Qe4 Kf7 31. h4 f5 32. Qf3 Ke7 33. Qd1 Qxc4 34.
Rd2 Qc6 35. Qa1 Kf7 36. Qd1 b5 37. Kh2 b4 38. Rd4 Ke7 39. Qa1 Qc2 40. Kg1 c5
41. Rf4 Qc3 42. Qf1 Rxd7 43. g4 Qd3 44. Qg2 g5 45. Rf3 Qe4 46. hxg5 hxg5 47.
Kh2 Qxg4 48. Rg3 Qe4 49. Qf1 g4 50. Qa1 e5 51. Qc1 Kf6 52. Rg2 c4 53. f4 c3 54.
Qe1 Rh7+ 55. Kg1 exf4 56. Qd1 Qxe3+ 57. Rf2 Qb6 58. Kg2 Rh2+ 59. Kxh2 Qxf2+ 60.
Kh1 0-1

[Event "Chigorin Memorial 2008"]
[Site "St. Petersburg RUS"]
[Date "2008.10.10"]
[Round "8.19"]
[White "Lovkov, Roman"]
[Black "Yankovsky, Roman"]
[Result "1-0"]
[WhiteElo "2434"]
[BlackElo "2255"]
[PlyCount "117"]
[EventDate "2008.10.03"]
[EventType "swiss"]
[EventRounds "9"]
[EventCountry "RUS"]
[Source "lmi"]
[SourceDate "2008.10.03"]

1. Nf3 Nf6 2. c4 c5 3. Nc3 Nc6 4. g3 d5 5. cxd5 Nxd5 6. Bg2 Nc7 7. O-O e5 8. d3
Be7 9. Be3 O-O 10. Rc1 b6 11. a3 f6 12. Nd2 Bb7 13. b4 cxb4 14. axb4 Rb8 15. b5
Nd4 16. Bxb7 Rxb7 17. Rb1 Qd7 18. Qa4 Nce6 19. Qa2 Kh8 20. Nc4 h5 21. Qa4 h4
22. Qd1 Nc7 23. Qa4 Kh7 24. Kg2 Rh8 25. f3 Kg6 26. g4 h3+ 27. Kf2 Nce6 28. g5
Nxg5 29. Bxg5 Kxg5 30. e3 Kg6 31. exd4 Qxd4+ 32. Ne3 Qxc3 33. Qe4+ Kf7 34. Qxb7
Qd2+ 35. Kg3 Qxe3 36. Qd5+ Ke8 37. Qa8+ Bd8 38. Qc6+ Ke7 39. Qc4 Qg5+ 40. Qg4
Qxg4+ 41. Kxg4 Bc7 42. Rbc1 Bb8 43. Rc6 g6 44. Rfc1 Rh5 45. f4 exf4 46. Re1+
Kf7 47. Rc8 Be5 48. Ra8 Rg5+ 49. Kf3 Kg7 50. d4 Bd6 51. Rxa7+ Kh6 52. Re6 Bb4
53. Rxb6 Rg2 54. Rxf6 Rxh2 55. Rxf4 Be1 56. Ra1 Rf2+ 57. Kg3 Rf1+ 58. Kg4 Rh1
59. Re4 1-0

[Event "Chigorin Memorial 2008"]
[Site "St. Petersburg RUS"]
[Date "2008.10.10"]
[Round "8.20"]
[White "Frolochkin, Vladimir"]
[Black "Loskutov, Oleg"]
[Result "0-1"]
[WhiteElo "2323"]
[BlackElo "2482"]
[PlyCount "76"]
[EventDate "2008.10.03"]
[EventType "swiss"]
[EventRounds "9"]
[EventCountry "RUS"]
[Source "lmi"]
[SourceDate "2008.10.03"]

1. e4 c5 2. Nf3 d6 3. d4 cxd4 4. Nxd4 Nf6 5. f3 e5 6. Nb3 Be7 7. c4 a5 8. Be3
a4 9. N3d2 Qa5 10. Be2 Nc6 11. O-O Bd8 12. Kh1 Bb6 13. c5 Bxc5 14. Nc4 Qd8 15.
Bxc5 dxc5 16. Nc3 O-O 17. Qxd8 Rxd8 18. Nb6 Ra5 19. Ncxa4 Nd4 20. Bc4 Bd7 21.
Nc3 Bc6 22. f4 Ng4 23. Rae1 exf4 24. Bxf7+ Kxf7 25. Rxf4+ Nf6 26. e5 Nc2 27.
Rg1 Ra6 28. Nc4 Rd4 29. Rgf1 Rxc4 30. Rxc4 Ne3 31. Rcf4 Bxg2+ 32. Kg1 Bxf1 33.
exf6 Bd3 34. Rf3 Re6 35. fxg7+ Kxg7 36. Kf2 Ng4+ 37. Kg3 Rg6 38. Kh4 c4 0-1

[Event "Chigorin Memorial 2008"]
[Site "St. Petersburg RUS"]
[Date "2008.10.10"]
[Round "8.23"]
[White "Ponfilenok, Vladimir"]
[Black "Khakimov, Timur"]
[Result "1-0"]
[WhiteElo "2440"]
[BlackElo "2310"]
[PlyCount "97"]
[EventDate "2008.10.03"]
[EventType "swiss"]
[EventRounds "9"]
[EventCountry "RUS"]
[Source "lmi"]
[SourceDate "2008.10.03"]

1. d4 c6 2. Nf3 d5 3. c4 Nf6 4. e3 a6 5. Bd3 Bg4 6. Nbd2 e6 7. b3 b5 8. O-O Bd6
9. Qc2 Nbd7 10. Bb2 Rc8 11. a4 bxc4 12. bxc4 c5 13. Ne5 O-O 14. Nxg4 Nxg4 15.
h3 Ngf6 16. Rfc1 cxd4 17. Bxd4 e5 18. Bb2 e4 19. Be2 Be5 20. Rab1 Bxb2 21. Qxb2
Nc5 22. cxd5 Qxd5 23. Rc4 Nd3 24. Bxd3 Qxd3 25. Rd4 Qc2 26. Qxc2 Rxc2 27. Nxe4
Nxe4 28. Rxe4 g6 29. Rb6 Rd8 30. Rf4 Ra8 31. Rb7 Rf8 32. g4 Rc5 33. Kg2 a5 34.
Ra7 h5 35. Kg3 hxg4 36. hxg4 f6 37. Rd4 Rf7 38. Rdd7 Rxd7 39. Rxd7 Rc4 40. Rd4
Rc5 41. Rd7 Rc4 42. Rd4 Rc5 43. Rd6 Kf7 44. Ra6 g5 45. Kf3 Kg6 46. Ra7 Rd5 47.
Ke4 Rc5 48. Kd4 Rc2 49. f3 1-0

[Event "Chigorin Memorial 2008"]
[Site "St. Petersburg RUS"]
[Date "2008.10.10"]
[Round "8.25"]
[White "Pakhomov, Egor"]
[Black "Kotenko, Pavel"]
[Result "1-0"]
[WhiteElo "2220"]
[BlackElo "2402"]
[PlyCount "84"]
[EventDate "2008.10.03"]
[EventType "swiss"]
[EventRounds "9"]
[EventCountry "RUS"]
[Source "lmi"]
[SourceDate "2008.10.03"]

1. d4 Nf6 2. Nf3 g6 3. g3 Bg7 4. Bg2 O-O 5. O-O d6 6. c4 Nc6 7. Nc3 a6 8. b3
Rb8 9. Nd5 Nxd5 10. cxd5 Nb4 11. e4 f5 12. Ng5 c5 13. Bb2 e5 14. dxe5 Qxg5 15.
f4 Qg4 16. Bf3 Qh3 17. a3 dxe5 18. axb4 fxe4 19. Bg2 Qg4 20. fxe5 Re8 21. bxc5
Bxe5 22. Bxe5 Qxd1 23. Raxd1 Rxe5 24. c6 bxc6 25. dxc6 Bf5 26. Rf4 Rc8 27. g4
Be6 28. Rxe4 Rxe4 29. Bxe4 Bxb3 30. Rd7 Ba4 31. Bd5+ Kh8 32. Rd6 Kg7 33. g5 h6
34. h4 hxg5 35. hxg5 Rc7 36. Kf2 Kf8 37. Ke3 Bc2 38. Kd4 Bf5 39. Kc5 Re7 40.
Rf6+ Ke8 41. Kd6 Re1 42. c7 Bh3 1-0

[Event "Chigorin Memorial 2008"]
[Site "St. Petersburg RUS"]
[Date "2008.10.10"]
[Round "8.26"]
[White "Vunder, Andrey"]
[Black "Eliseev, Alexei"]
[Result "0-1"]
[WhiteElo "2261"]
[BlackElo "2395"]
[PlyCount "94"]
[EventDate "2008.10.03"]
[EventType "swiss"]
[EventRounds "9"]
[EventCountry "RUS"]
[Source "lmi"]
[SourceDate "2008.10.03"]

1. d4 c5 2. c3 e6 3. Nf3 Nf6 4. Bg5 cxd4 5. cxd4 Qb6 6. Qc2 Nc6 7. Bxf6 gxf6 8.
e3 d5 9. Nc3 Bd7 10. Be2 f5 11. O-O Bd6 12. Rfc1 O-O 13. Na4 Qc7 14. Nc5 Rfc8
15. Qd2 Be8 16. b4 Qe7 17. a3 Rc7 18. Rc2 a5 19. Rac1 axb4 20. axb4 Nd8 21. b5
b6 22. Na6 Rxc2 23. Rxc2 Nb7 24. Qc1 Na5 25. Rc8 Rxc8 26. Qxc8 Qd7 27. Qxd7
Bxd7 28. Nd2 f4 29. g3 fxe3 30. fxe3 Kf8 31. Kf2 Ke7 32. e4 dxe4 33. Nxe4 Ba3
34. Nc7 Nb3 35. Ke3 Bb2 36. d5 Bd4+ 37. Kd3 Be5 38. d6+ Bxd6 39. Nxd6 Kxd6 40.
Kc3 Nc1 41. Bc4 Kxc7 42. Kb2 Kd6 43. Kxc1 Kc5 44. Bd3 h6 45. Kd2 Bxb5 46. Bh7
Kd4 47. g4 f6 0-1

[Event "Chigorin Memorial 2008"]
[Site "St. Petersburg RUS"]
[Date "2008.10.10"]
[Round "8.27"]
[White "Pankov, German"]
[Black "Melnikov, Dmitry"]
[Result "1/2-1/2"]
[WhiteElo "2375"]
[BlackElo "2280"]
[PlyCount "115"]
[EventDate "2008.10.03"]
[EventType "swiss"]
[EventRounds "9"]
[EventCountry "RUS"]
[Source "lmi"]
[SourceDate "2008.10.03"]

1. Nc3 d5 2. e4 d4 3. Nce2 e5 4. Nf3 f6 5. Ng3 Be6 6. Bb5+ Nd7 7. Qe2 Qe7 8.
Bc4 O-O-O 9. Bxe6 Qxe6 10. d3 g6 11. c3 c5 12. Qc2 Kb8 13. Bd2 Bd6 14. c4 h5
15. h4 Nh6 16. Nh2 Rde8 17. O-O-O f5 18. Bxh6 Rxh6 19. Qe2 b5 20. Kb1 bxc4 21.
dxc4 Nb6 22. Rc1 f4 23. Ngf1 Rh7 24. Nd2 Rb7 25. g4 fxg3 26. fxg3 Qh3 27. Rhg1
Rf8 28. Rcf1 Rxf1+ 29. Qxf1 Qe6 30. Qd3 Na4 31. Nb3 Rf7 32. Rf1 Nb6 33. Nd2 Bf8
34. Rxf7 Qxf7 35. Qf3 Qxf3 36. Nhxf3 Bh6 37. b3 Kc7 38. Kc2 Bxd2 39. Kxd2 Kd6
40. Ng5 Ke7 41. Nf3 Kf6 42. Ne1 Nd7 43. Nd3 g5 44. hxg5+ Kxg5 45. b4 cxb4 46.
c5 Kg4 47. c6 Nb6 48. Nxe5+ Kxg3 49. Ng6 h4 50. Nxh4 Kxh4 51. Kd3 Kg5 52. Kxd4
Kf6 53. Kc5 Ke5 54. Kxb4 Kxe4 55. Kb5 Kd5 56. Ka6 Nc8 57. Kb7 a5 58. Ka6
1/2-1/2

[Event "Chigorin Memorial 2008"]
[Site "St. Petersburg RUS"]
[Date "2008.10.10"]
[Round "8.30"]
[White "Burmakin, Vladimir"]
[Black "Donskov, Anatoly"]
[Result "1-0"]
[WhiteElo "2625"]
[BlackElo "2131"]
[PlyCount "55"]
[EventDate "2008.10.03"]
[EventType "swiss"]
[EventRounds "9"]
[EventCountry "RUS"]
[Source "lmi"]
[SourceDate "2008.10.03"]

1. Nf3 e6 2. c4 f5 3. g3 Nf6 4. b3 b6 5. Bg2 Bb7 6. O-O Be7 7. Bb2 O-O 8. d4
Ne4 9. Qc2 Qc8 10. Rd1 d6 11. Nc3 Nxc3 12. Qxc3 Nd7 13. Qe3 Rf6 14. Rac1 Rh6
15. b4 Nf6 16. d5 e5 17. c5 Ng4 18. Qb3 Qe8 19. h3 Nf6 20. Bxe5 Ne4 21. Ba1 Kh8
22. cxb6 cxb6 23. Rc7 Bc8 24. Qe3 Bf6 25. Bxf6 Rxf6 26. Ng5 Ba6 27. Nxe4 fxe4
28. Rd4 1-0

[Event "Chigorin Memorial 2008"]
[Site "St. Petersburg RUS"]
[Date "2008.10.10"]
[Round "8.31"]
[White "Konenkin, Dmitry"]
[Black "Shaposhnikov, Evgeny"]
[Result "0-1"]
[WhiteElo "2296"]
[BlackElo "2558"]
[PlyCount "52"]
[EventDate "2008.10.03"]
[EventType "swiss"]
[EventRounds "9"]
[EventCountry "RUS"]
[Source "lmi"]
[SourceDate "2008.10.03"]

1. d4 d5 2. Bg5 f6 3. Bh4 Nh6 4. e3 Nf5 5. Bg3 c5 6. dxc5 e5 7. e4 dxe4 8.
Qxd8+ Kxd8 9. Nc3 h5 10. O-O-O+ Nd7 11. h4 Nxg3 12. fxg3 f5 13. Rd5 Bxc5 14.
Bb5 Ke7 15. Nge2 Bd6 16. Rhd1 Rh6 17. g4 hxg4 18. Ng3 Nb6 19. R5d2 a6 20. Bf1
e3 21. Nd5+ Nxd5 22. Rxd5 Bc7 23. Rc5 Rc6 24. Rxc6 bxc6 25. Nh5 e4 26. Bc4 g6
0-1

[Event "Chigorin Memorial 2008"]
[Site "St. Petersburg RUS"]
[Date "2008.10.10"]
[Round "8.34"]
[White "Shlakich, Anna"]
[Black "Mikkelsen, Nikolaj"]
[Result "0-1"]
[WhiteElo "2203"]
[BlackElo "2441"]
[PlyCount "64"]
[EventDate "2008.10.03"]
[EventType "swiss"]
[EventRounds "9"]
[EventCountry "RUS"]
[Source "lmi"]
[SourceDate "2008.10.03"]

1. e4 c5 2. Nf3 d6 3. d4 cxd4 4. Nxd4 Nf6 5. Nc3 g6 6. Be3 Bg7 7. f3 Nc6 8. Bc4
Bd7 9. Qd2 O-O 10. g4 Ne5 11. Bb3 b5 12. g5 Nh5 13. f4 Ng4 14. Bg1 e5 15. fxe5
Nxe5 16. O-O-O Rb8 17. Nce2 Bg4 18. Rf1 Bh3 19. Rf2 Qb6 20. Ng3 Nc4 21. Bxc4
Qxd4 22. Qxd4 Bxd4 23. Nxh5 bxc4 24. Nf6+ Kg7 25. c3 Be3+ 26. Kc2 Bxg5 27. Nd5
f6 28. Re2 Bf1 29. Re1 Bd3+ 30. Kd1 Rxb2 31. Be3 Bxe3 32. Nxe3 Rfb8 0-1

[Event "Chigorin Memorial 2008"]
[Site "St. Petersburg RUS"]
[Date "2008.10.10"]
[Round "8.36"]
[White "Bodnaruk, Anastasia"]
[Black "Ivkina, Olga"]
[Result "1-0"]
[WhiteElo "2381"]
[BlackElo "2229"]
[PlyCount "61"]
[EventDate "2008.10.03"]
[EventType "swiss"]
[EventRounds "9"]
[EventCountry "RUS"]
[Source "lmi"]
[SourceDate "2008.10.03"]

1. e4 e6 2. d4 d5 3. Nc3 Bb4 4. e5 c5 5. a3 Bxc3+ 6. bxc3 Ne7 7. Qg4 Qc7 8.
Qxg7 Rg8 9. Qxh7 cxd4 10. Ne2 Nbc6 11. f4 Bd7 12. Qd3 dxc3 13. Rb1 O-O-O 14.
Nxc3 Na5 15. g3 Nc4 16. Ne2 Nf5 17. Nd4 Nxd4 18. Qxd4 Kb8 19. Bd3 f6 20. O-O
Bc6 21. exf6 Qf7 22. Re1 Ka8 23. Be3 Nxe3 24. Rxe3 Rh8 25. Rbe1 Qh5 26. R1e2
Rdg8 27. Qe5 Qxe5 28. Rxe5 Bd7 29. f5 exf5 30. Re7 Bc6 31. f7 1-0

[Event "Chigorin Memorial 2008"]
[Site "St. Petersburg RUS"]
[Date "2008.10.10"]
[Round "8.38"]
[White "Merzliakov, Evgeny"]
[Black "Domogaev, Sergey"]
[Result "0-1"]
[WhiteElo "2210"]
[BlackElo "2354"]
[PlyCount "76"]
[EventDate "2008.10.03"]
[EventType "swiss"]
[EventRounds "9"]
[EventCountry "RUS"]
[Source "lmi"]
[SourceDate "2008.10.03"]

1. d4 Nf6 2. Nf3 g6 3. g3 Bg7 4. Bg2 O-O 5. O-O d6 6. b3 c5 7. Bb2 cxd4 8. Nxd4
d5 9. e3 Bg4 10. Nf3 Qc8 11. Re1 Nc6 12. Qe2 e5 13. h3 Bxh3 14. Nxe5 Bxg2 15.
Kxg2 Ne4 16. Nxc6 Qxc6 17. Bxg7 Kxg7 18. Qd3 Kg8 19. f3 Nc5 20. Qc3 Rac8 21.
Nd2 Qa6 22. Qb2 Rfe8 23. Kf2 h5 24. Rh1 Rxe3 25. Kxe3 Re8+ 26. Ne4 dxe4 27. f4
Qb6 28. Ke2 Na4 29. Qc1 Nc3+ 30. Kf1 e3 31. Qe1 Qd4 32. Rh2 e2+ 33. Kg2 b5 34.
a3 Qe4+ 35. Kg1 Qxc2 36. b4 Qb2 37. Kf2 Nd1+ 38. Kf3 Re3+ 0-1

[Event "Chigorin Memorial 2008"]
[Site "St. Petersburg RUS"]
[Date "2008.10.10"]
[Round "8.39"]
[White "Fedoseev, Sergey"]
[Black "Sudakova, Irina"]
[Result "0-1"]
[WhiteElo "2193"]
[BlackElo "2349"]
[PlyCount "58"]
[EventDate "2008.10.03"]
[EventType "swiss"]
[EventRounds "9"]
[EventCountry "RUS"]
[Source "lmi"]
[SourceDate "2008.10.03"]

1. e4 c5 2. b4 cxb4 3. a3 e5 4. Nf3 Nc6 5. axb4 Bxb4 6. c3 Be7 7. d4 exd4 8.
Bc4 Nf6 9. e5 Ne4 10. O-O O-O 11. Bd5 Nxc3 12. Nxc3 dxc3 13. Bf4 b5 14. Qe2 b4
15. Rfd1 Qe8 16. Qe4 a5 17. Ng5 Bxg5 18. Bxg5 Ra6 19. f4 d6 20. Bc4 dxe5 21. f5
Nd4 22. Bxa6 Bxf5 23. Qh4 Qc6 24. Bf1 b3 25. Be7 Qb6 26. Kh1 Re8 27. Qf2 b2 28.
Rxd4 bxa1=Q 29. Qxf5 Qxd4 0-1

[Event "Chigorin Memorial 2008"]
[Site "St. Petersburg RUS"]
[Date "2008.10.10"]
[Round "8.41"]
[White "Massironi, Marco"]
[Black "Barhudarian, Rafael"]
[Result "1-0"]
[WhiteElo "2169"]
[BlackElo "2327"]
[PlyCount "95"]
[EventDate "2008.10.03"]
[EventType "swiss"]
[EventRounds "9"]
[EventCountry "RUS"]
[Source "lmi"]
[SourceDate "2008.10.03"]

1. e4 c5 2. Nf3 g6 3. d4 Bg7 4. c4 d6 5. Nc3 Qa5 6. Be3 Nf6 7. Qd2 Nc6 8. h3
cxd4 9. Nxd4 Nxd4 10. Qxd4 O-O 11. Qd2 Be6 12. Bd3 Rfc8 13. Nd5 Qxd2+ 14. Kxd2
Kf8 15. Rac1 Bd7 16. b4 e6 17. Nxf6 Bxf6 18. c5 dxc5 19. Bxc5+ Kg7 20. Ke2 Ba4
21. Be3 Be7 22. Rxc8 Rxc8 23. Bxa7 e5 24. a3 Rc3 25. Ra1 b5 26. Be3 Kf6 27. Bd2
Rc7 28. Rc1 Rxc1 29. Bxc1 Ke6 30. Be3 Kd7 31. Kd2 Kc6 32. Bc2 f5 33. f3 Bh4 34.
Bxa4 bxa4 35. Kd3 Kb5 36. exf5 gxf5 37. g4 fxg4 38. fxg4 Bg3 39. Bc5 Bf4 40. h4
Bc1 41. Kc2 Bxa3 42. g5 e4 43. h5 e3 44. g6 e2 45. Bf2 hxg6 46. hxg6 Bxb4 47.
g7 Bc5 48. Bg3 1-0

[Event "Chigorin Memorial 2008"]
[Site "St. Petersburg RUS"]
[Date "2008.10.10"]
[Round "8.44"]
[White "Prelovskij, Rudolf"]
[Black "Molchanova, Tatjana"]
[Result "1-0"]
[WhiteElo "2137"]
[BlackElo "2337"]
[PlyCount "111"]
[EventDate "2008.10.03"]
[EventType "swiss"]
[EventRounds "9"]
[EventCountry "RUS"]
[Source "lmi"]
[SourceDate "2008.10.03"]

1. c4 Nf6 2. Nc3 e6 3. e4 c5 4. Nf3 Nc6 5. a3 e5 6. d3 d6 7. h3 g6 8. g3 Be6 9.
Bg2 Qd7 10. Nd5 Bg7 11. Bh6 O-O 12. Nxf6+ Bxf6 13. Bxf8 Rxf8 14. Qd2 Kg7 15. b4
Bd8 16. Rb1 h6 17. g4 f5 18. exf5 gxf5 19. gxf5 Bxf5 20. Rb3 Bg6 21. Rg1 Kh7
22. Kf1 cxb4 23. axb4 Qe6 24. b5 e4 25. bxc6 exf3 26. Rxb7+ Be7 27. Bh1 Qxh3+
28. Ke1 Rf7 29. Qe3 Qh5 30. Bxf3 Qa5+ 31. Kf1 Qa1+ 32. Kg2 Qf6 33. Kf1 Qa1+ 34.
Ke2 Qa2+ 35. Ke1 Qa1+ 36. Bd1 Qc3+ 37. Qd2 Qe5+ 38. Kf1 Bf5 39. Rh1 Qe6 40. Qe2
Qf6 41. Qe3 Rg7 42. Bc2 Qa1+ 43. Rb1 Qf6 44. Ke1 Bd8 45. Kd2 Bb6 46. Qf4 Rg4
47. Qh2 Qg5+ 48. Kc3 Qf6+ 49. Kb3 d5 50. f3 Rd4 51. Rbe1 Bd8 52. Qe5 dxc4+ 53.
Kc3 Rf4 54. c7 Qxe5+ 55. Rxe5 Bf6 56. d4 1-0

[Event "Chigorin Memorial 2008"]
[Site "St. Petersburg RUS"]
[Date "2008.10.10"]
[Round "8.45"]
[White "Korchagina, Viktoria"]
[Black "Skrjabin, Igor"]
[Result "1/2-1/2"]
[WhiteElo "2176"]
[BlackElo "2110"]
[PlyCount "70"]
[EventDate "2008.10.03"]
[EventType "swiss"]
[EventRounds "9"]
[EventCountry "RUS"]
[Source "lmi"]
[SourceDate "2008.10.03"]

1. e4 e5 2. Nf3 Nc6 3. Bb5 a6 4. Ba4 Nf6 5. O-O Nxe4 6. d4 b5 7. Bb3 d5 8. dxe5
Be6 9. Nbd2 Be7 10. c3 O-O 11. Re1 Nc5 12. Nd4 Nxd4 13. cxd4 Nd7 14. Nf1 c5 15.
dxc5 Nxc5 16. Bc2 Qd7 17. Be3 Rfd8 18. Bxc5 Bxc5 19. Bxh7+ Kxh7 20. Qc2+ Kg8
21. Qxc5 d4 22. h4 Rac8 23. Qa3 Rc4 24. Nd2 Rc2 25. Qd3 Bf5 26. Ne4 Rxb2 27. h5
Bxe4 28. Rxe4 Qf5 29. Rf1 Qxh5 30. Rxd4 Rxd4 31. Qxd4 Rxa2 32. Qd8+ Kh7 33.
Qd3+ Qg6 34. Qh3+ Qh6 35. Qf5+ Qg6 1/2-1/2

[Event "Chigorin Memorial 2008"]
[Site "St. Petersburg RUS"]
[Date "2008.10.10"]
[Round "8.46"]
[White "Nuretdinov, Igor"]
[Black "Kopasov, Evgeny"]
[Result "1/2-1/2"]
[WhiteElo "2174"]
[BlackElo "2046"]
[PlyCount "90"]
[EventDate "2008.10.03"]
[EventType "swiss"]
[EventRounds "9"]
[EventCountry "RUS"]
[Source "lmi"]
[SourceDate "2008.10.03"]

1. d4 Nf6 2. c4 g6 3. Nc3 d5 4. Bg5 Ne4 5. Bh4 Nxc3 6. bxc3 c5 7. cxd5 Qxd5 8.
e3 Bg7 9. Qf3 Qxf3 10. Nxf3 Nc6 11. Rb1 e6 12. Nd2 cxd4 13. cxd4 O-O 14. Bb5
Bd7 15. Ne4 a6 16. Nc5 axb5 17. Nxd7 Rfe8 18. Rxb5 Rxa2 19. O-O Na5 20. Bf6 Rc8
21. Bxg7 Kxg7 22. Nc5 h5 23. h3 Rc7 24. Rfb1 Rc8 25. g3 Rc6 26. R1b4 Ra1+ 27.
Kg2 Ra2 28. Kf3 Rc8 29. Ra4 Rxc5 30. Raxa5 Rxa5 31. Rxc5 b5 32. g4 hxg4+ 33.
hxg4 Kf6 34. g5+ Kg7 35. Kg3 Kf8 36. Kf3 Kg7 37. Ke4 Ra2 38. f4 b4 39. Rb5 Rb2
40. Ke5 b3 41. e4 Rb1 42. Rb8 b2 43. Rb7 Kg8 44. Rb8+ Kg7 45. Rb3 Kg8 1/2-1/2

[Event "Chigorin Memorial 2008"]
[Site "St. Petersburg RUS"]
[Date "2008.10.10"]
[Round "8.47"]
[White "Lupik, Marina"]
[Black "Dushin, Nikolay"]
[Result "0-1"]
[WhiteElo "2166"]
[BlackElo "2026"]
[PlyCount "70"]
[EventDate "2008.10.03"]
[EventType "swiss"]
[EventRounds "9"]
[EventCountry "RUS"]
[Source "lmi"]
[SourceDate "2008.10.03"]

1. d4 d5 2. c4 c6 3. Nf3 Nf6 4. Nc3 Qb6 5. e3 Bg4 6. h3 Bxf3 7. Qxf3 e6 8. Bd3
Be7 9. O-O O-O 10. c5 Qd8 11. Qg3 b6 12. b4 a5 13. Na4 Nbd7 14. b5 cxb5 15. c6
bxa4 16. cxd7 Qxd7 17. Rb1 Qa7 18. f3 Qb8 19. Qf2 a3 20. Qc2 Rc8 21. Qa4 Rc6
22. Qd1 Qc7 23. Qe2 Nh5 24. Rd1 Ng3 25. Qe1 Rc8 26. e4 h5 27. Be3 h4 28. Qd2
dxe4 29. fxe4 e5 30. Rb5 Bb4 31. Rxe5 Rc5 32. Rxc5 Bxd2 33. Rxc7 Bxe3+ 34. Kh2
Rxc7 35. d5 Rc1 0-1